| 000 | 00000nas##2200000za#4500 |
| 001 | 9.503995 |
| 003 | CaOODSP |
| 005 | 20210201084604 |
| 007 | cr ||||||||||| |
| 008 | 150406c2004||||xxc|| p o||||f| |0fre|d |
| 040 | |aCaOODSP|bfre |
| 043 | |an-cn--- |
| 086 | 1 |aBC9-13F-PDF |
| 110 | 2 |aConseil de la radiodiffusion et des télécommunications canadiennes. |
| 245 | 10|aRapport à la gouverneure en conseil : |h[ressource électronique]|bétat de la concurrence dans les marchés des télécommunications au Canada, mise en place et accessibilité de l'infrastructure et des services de télécommunication de pointe |
| 246 | 1 |aRapport à la gouverneure en conseil. État de la concurrence dans les marchés des télécommunications au Canada, mise en place et accessibilité de l'infrastructure et des services de télécommunication de pointe |
| 260 | |aOttawa - Ontario : |bConseil de la radiodiffusion et des télécommunications canadiennes |
| 310 | |aAnnuel |
| 362 | 1 |a2001-2005 |
| 691 | 07|aTélécommunications|2gcpds |
| 775 | 08|tReport to the Governor in Council : |w(CaOODSP)9.507611 |